LEADER 01321nam a2200325 a 4500 001 000000122723 003 CaOOAMICUS 005 20100824150754.0 008 100824t2010 it d u000 u ita r 020 $a978-88-7016-783-2 040 $aPUL$bita$dReb 041 1 $aita$heng 082 04$a223.2 100 1 $aMays, James Luther.$0(OLS)http://pul/name/39041 240 10$aPsalms.$lItaliano.$0(OLS)http://pul/title/154693 245 10$aSalmi /$cJames Luther Mays ; edizione italiana a cura di Franco Ronchi. 260 $aTorino :$bClaudiana,$cİ2010. 300 $a528 p. ;$c24 cm. 490 1 $aStrumenti. Commentari ;$v50 504 $aBibliografia p. 495-498. 630 04$aBiblia.$pV.T.$pPsalmi$xCommenti.$0(OLS)http://pul/subject/1498 700 1 $aRonchi, Franco.$0(OLS)http://pul/name/25184 830 0$aStrumenti (Claudiana).$pCommentari ;$v50.$0(OLS)http://pul/title/133061 850 $aPUL 852 $aPUL$W1$xSL Religione 3$y85$m223. 2 MAYJA 1$j140956$qDDC 21$B140036$CPULBib$Z2$F140036 $H114646 $82 941 1 $a9 996 $6020$a978-88-7016-783-2$9(OLS)http://pul/number/145147 996 $6082$a223.2$9(OLS)http://pul/classification/536 996 $6245$aSalmi$9(OLS)http://pul/title/42577 996 $6260$aTorino :$bClaudiana$9(OLS)http://pul/publisher/48072 LEADER 01267nam a2200289 u 4500 001 000000047972 003 CaOOAMICUS 005 20070226114938.0 008 000317s1999 it u000 u ita u 020 $a8810408756 035 $a10843833 040 $aPUL$bita 100 1 $aSalachas, Dimitrios,$d1939-2023.$0(OLS)http://pul/name/26958 245 10$aTeologia e disciplina dei sacramenti nei Codici latino e orientale :$bstudio teologico-giuridico comparativo /$cDimitrios Salachas. 260 $aBologna :$bEDB,$cc1999. 300 $a525 p. ;$c24 cm 490 1 $aCollanda Diaconia del diritto 504 $aBibliografia in nota. 650 4$aTeologia orientale.$0(OLS)http://pul/subject/2913 830 0$aCollanda Diaconia del diritto.$0(OLS)http://pul/title/47475 850 $aPUL 852 $aPUL$W1$xSL Diritto Canonico 1$y5$m153 A 81$j64011$nBK-PRI$b $qStampati$B64011$CPULBib$Z2$F64011 $H $81 941 1 $a8 961 $aINV: 80395 996 $6020$a8810408756$9(OLS)http://pul/number/60128 996 $6245$aTeologia e disciplina dei sacramenti nei Codici latino e orientale :$bstudio teologico-giuridico comparativo$9(OLS)http://pul/title/64584 996 $6260$aBologna :$bEDB$9(OLS)http://pul/publisher/56073